000 00649nam a2200229Ia 4500
001 2213
005 20240113233532.0
007 ta
008 050223s1905 a g b000 u eng u
040 _aRef. stack
041 _aeng
082 _a336.12
_bMe 72 R
100 _aMelitus, P.G .
245 0 _aReport on the land revenue administration of the Assam valley districts during 1904 - 1905 /
_cP. G. Melitus.
_hReports
250 _a1st ed /
260 _aShillong :
_bAssam Secretariat ,
_c1905.
300 _a50p. :
_bill ;
_c32cm .
653 _aReport - land revenue - Assam
942 _2ddc
_cBK
999 _c2206
_d2206